000 00371 a2200157 4500
001 60230
020 _a9788521616405
040 _cAnchieta - Pituba
100 _aBottomore, Thomas Burton
240 1 0 _aIntrodução à sociologia
_lpor
245 1 0 _aIntrodução à sociologia
300 _a318
362 0 _a2008
650 4 _aSociologia e Antropologia
942 _cBK
999 _c60230
_d60230